[Event "Mecklenburg VP-ch U18"]
[Site "Malchow"]
[Date "2019.02.06"]
[Round "7.4"]
[White "Griep, Daniel"]
[Black "Elsken Sicard, Fabian"]
[Result "0-1"]
[WhiteElo "1417"]
[BlackElo "1469"]
[PlyCount "54"]
[EventDate "2019.02.02"]
[EventType "swiss"]
[EventRounds "7"]
[EventCountry "GER"]
[SourceTitle "EXT 2022"]
[Source "ChessBase"]
[SourceDate "2021.10.06"]
[SourceVersion "1"]
[SourceVersionDate "2021.10.06"]
[SourceQuality "1"]

1. e4 d6 2. Nc3 Nf6 3. Nf3 g6 4. Bc4 Bg7 5. h3 c6 6. d4 b5 7. Bb3 b4 8. e5 bxc3 9. exf6 Bxf6 10. bxc3 0-0 11. 0-0 a5 12. a4 e6 13. c4 c5 14. Be3 Na6 15. Rb1 Bb7 16. Re1 Bxf3 17. Qxf3 cxd4 18. Bd2 Nc5 19. c3 dxc3 20. Bxc3 Bxc3 21. Qxc3 Rb8 22. Rb2 Rb4 23. Rd1 Qb6 24. Qg3 Rxb3 25. Rxb3 Qxb3 26. Qxd6 Nxa4 27. c5 Nxc5 0-1

[Event "Mecklenburg VP-ch U18"]
[Site "Malchow"]
[Date "2019.02.05"]
[Round "5.7"]
[White "Griep, Daniel"]
[Black "Beck, Jules"]
[Result "1/2-1/2"]
[WhiteElo "1417"]
[BlackElo "1563"]
[PlyCount "60"]
[EventDate "2019.02.02"]
[EventType "swiss"]
[EventRounds "7"]
[EventCountry "GER"]
[SourceTitle "EXT 2022"]
[Source "ChessBase"]
[SourceDate "2021.10.06"]
[SourceVersion "1"]
[SourceVersionDate "2021.10.06"]
[SourceQuality "1"]

1. Nf3 d5 2. c4 c6 3. cxd5 cxd5 4. g3 Bf5 5. Bg2 e6 6. Nc3 Nf6 7. d3 Be7 8. Qa4+ Nbd7 9. 0-0 0-0 10. Be3 a6 11. Qf4 Bg6 12. Bd4 Re8 13. Rfc1 Rc8 14. Rc2 Rc6 15. Rac1 Bd6 16. Be5 Nxe5 17. Nxe5 Rc7 18. Qe3 Qe7 19. Nxg6 hxg6 20. h3 Rec8 21. Qd2 Bb4 22. a3 Ba5 23. b4 Bb6 24. Na4 Ba7 25. e3 Ne8 26. Rxc7 Rxc7 27. Rxc7 Qxc7 28. Qc3 Kf8 29. Qxc7 Nxc7 30. Nc3 Ke7 1/2-1/2